L´Heure, le Feu, la Lumière (Record no. 1761)
[ view plain ]
| 000 -CABECERA | |
|---|---|
| campo de control de longitud fija | 00911nam a2200265 a 4500 |
| 001 - NÚMERO DE CONTROL | |
| campo de control | BRCA_1994 |
| 005 - FECHA Y HORA DE LA ÚLTIMA TRANSACCIÓN | |
| campo de control | 20190320203629.0 |
| 008 - DATOS DE LONGITUD FIJA--INFORMACIÓN GENERAL | |
| campo de control de longitud fija | 120608s2010----fr-a######---#000-0#fre-# |
| 020 ## - NÚMERO INTERNACIONAL ESTÁNDAR DEL LIBRO | |
| Número Internacional Estándar del Libro | 9782878441307 |
| 041 ## - CÓDIGO DE LENGUA | |
| Código de lengua del texto/banda sonora o título independiente | fre |
| 044 ## - CÓDIGO DEL PAÍS DE LA ENTIDAD EDITORA/PRODUCTORA | |
| Código MARC del país | fr |
| 050 #4 - SIGNATURA TOPOGRÁFICA DE LA BIBLIOTECA DEL CONGRESO | |
| Número de clasificación | NK7949 |
| Número de documento/Ítem | .F73 2010 |
| 100 1# - ENTRADA PRINCIPAL--NOMBRE DE PERSONA | |
| Nombre de persona | France, Marie |
| 9 (RLIN) | 6114 |
| 245 10 - MENCIÓN DE TÍTULO | |
| Título | L´Heure, le Feu, la Lumière |
| Resto del título | les bronzes du mobilier national 1800-1870 |
| Mención de responsabilidad, etc. | Marie-France, Dupuy-Baylet ; préface de Bernard Schotter. |
| 260 ## - PUBLICACIÓN, DISTRIBUCIÓN, ETC. | |
| Lugar de publicación, distribución, etc. | Dijon, Francia |
| Nombre del editor, distribuidor, etc. | Faton |
| Fecha de publicación, distribución, etc. | 2010 |
| 300 ## - DESCRIPCIÓN FÍSICA | |
| Extensión | 349 p. |
| Otras características físicas | il. a color |
| Dimensiones | 29 cm. |
| 500 ## - NOTA GENERAL | |
| Nota general | Incluye índice alfabético y tablas de concordancia |
| 500 ## - NOTA GENERAL | |
| Nota general | Donación Embajada de Francia |
| 504 ## - NOTA DE BIBLIOGRAFÍA, ETC. | |
| Nota de bibliografía, etc. | Bibliografía: p. 340-341 |
| 650 14 - PUNTO DE ACCESO ADICIONAL DE MATERIA--TÉRMINO DE MATERIA | |
| Término de materia o nombre geográfico como elemento de entrada | Bronces dorados |
| Subdivisión cronológica | 1800-1870 |
| Subdivisión geográfica | Francia |
| 9 (RLIN) | 6115 |
| 650 14 - PUNTO DE ACCESO ADICIONAL DE MATERIA--TÉRMINO DE MATERIA | |
| Término de materia o nombre geográfico como elemento de entrada | Mobiliario nacional |
| Subdivisión cronológica | Siglo XVII |
| Subdivisión geográfica | Francia |
| 9 (RLIN) | 6116 |
| 700 1# - PUNTO DE ACCESO ADICIONAL--NOMBRE DE PERSONA | |
| Nombre de persona | Baylet, Dupuy |
| 9 (RLIN) | 6117 |
| 700 1# - PUNTO DE ACCESO ADICIONAL--NOMBRE DE PERSONA | |
| Nombre de persona | Schotter, Bernard |
| 9 (RLIN) | 6118 |
| 942 ## - ELEMENTOS DE PUNTO DE ACCESO ADICIONAL (KOHA) | |
| Fuente del sistema de clasificación o colocación | Library of Congress Classification |
| Tipo de ítem Koha | Libros |
| Estado de retiro | Estado de pérdida | Estado dañado | No para préstamo | Localización permanente | Ubicación/localización actual | Fecha de adquisición | Total de préstamos | Signatura topográfica completa | Código de barras | Fecha visto por última vez | Precio válido a partir de | Tipo de ítem Koha |
|---|---|---|---|---|---|---|---|---|---|---|---|---|
| El ejemplar forma parte de la colección y puede ser consultado según las políticas vigentes. | Biblioteca del Museo Franz Mayer (Rogerio Casas-Alatriste) | Biblioteca del Museo Franz Mayer (Rogerio Casas-Alatriste) | 30/07/2008 | NK7949 .F73 2010 | 02506 | 22/03/2019 | 22/03/2019 | Libros |